000 00356nam a2200145 i 4500
001 bg
100 1 _aCONIN, A. S.
245 0 _aElektroopticeskie kristally /
_cA.S. Conin, A.S. Vasilevskaja.
260 _aMoskva,
_c1971.
700 1 _aVASILEVSKAJA, A. S.
040 _cBPK
041 _apol
942 _cKS
008 s pl f |000 0 pol
999 _c25527
_d25527
856 _uhttp://koha.tu.koszalin.pl/cgi-bin/koha/opac-detail.pl?biblionumber=25527
_yKatalog online BPK